| 000 | 01051naa a22003137a 4500 | ||
|---|---|---|---|
| 001 | BR9208135 | ||
| 003 | BR-BrBNA | ||
| 005 | 20240918180806.0 | ||
| 007 | ta | ||
| 008 | 230509b bl.||||| |||| 00| 0 por d | ||
| 040 |
_aBR-BrBNA _bpor _cBiblioteca Nacional de Agricultura |
||
| 041 | _a(Pt) | ||
| 072 |
_aF03; F01; J11 _b1520 _b3575 |
||
| 090 | _aF03 BR9208135 | ||
| 100 | 1 | _aThomazelli, L.F. | |
| 245 | 1 | _aProducao de sementes de beterraba (Beta vulgaris) | |
| 260 | 3 |
_aVicosa, MG (Brasil): _c1987. |
|
| 500 | _aCasali, V.W.D. Seminarios de Olericultura, v. 13 Vicosa, MG (Brasil): 1987. p. 51-85 (BR9208135-AM)F03 | ||
| 650 | _aBETERRABA | ||
| 650 | _aSEMENTE | ||
| 650 | _aVARIEDADE | ||
| 650 | _aARMAZENAMENTO | ||
| 650 | _aTEMPERATURA | ||
| 650 | _aEPOCA DE PLANTIO | ||
| 650 | _aPRATICA CULTURAL | ||
| 773 | 0 |
_tSeminarios de Olericultura, v. 13 _aCasali, V.W.D.. Universidade Federal de Vicosa, MG (Brasil) _wF03 BR9208135 _gVicosa, MG (Brasil), 1987. p. 51-85 |
|
| 909 |
_a202404 _bLucia _c55 _dLucia Elande |
||
| 942 |
_cAM _2AGRIS |
||
| 999 |
_c322046 _d322046 |
||